<?xml version="1.0" encoding="UTF-8"?>
<record
    xmlns:xsi="http://www.w3.org/2001/XMLSchema-instance"
    xsi:schemaLocation="http://www.loc.gov/MARC21/slim http://www.loc.gov/standards/marcxml/schema/MARC21slim.xsd"
    xmlns="http://www.loc.gov/MARC21/slim">

  <leader>01048na  a2200313   4500</leader>
  <controlfield tag="001">15799</controlfield>
  <controlfield tag="003">MIRAKIL</controlfield>
  <controlfield tag="005">20181213155004.0</controlfield>
  <controlfield tag="008">160929b        tu            000 0      </controlfield>
  <datafield tag="020" ind1=" " ind2=" ">
    <subfield code="a">9786054307869</subfield>
  </datafield>
  <datafield tag="035" ind1=" " ind2=" ">
    <subfield code="a">15799</subfield>
  </datafield>
  <datafield tag="040" ind1=" " ind2=" ">
    <subfield code="a">Milas</subfield>
    <subfield code="b">tur</subfield>
    <subfield code="c">TR-AnCHP</subfield>
  </datafield>
  <datafield tag="082" ind1=" " ind2=" ">
    <subfield code="a">956.226</subfield>
    <subfield code="b">T66 2010</subfield>
  </datafield>
  <datafield tag="090" ind1=" " ind2=" ">
    <subfield code="a">956.226 T66 2010</subfield>
  </datafield>
  <datafield tag="245" ind1=" " ind2=" ">
    <subfield code="a">Toplar&#xF6;n&#xFC;</subfield>
    <subfield code="b">(&#x130;stanbullu Do&#x11F;an Kuban ve Bo&#x11F;azi&#xE7;i)</subfield>
    <subfield code="c">S&#xF6;yle&#x15F;i Rozerin Do&#x11F;an; edit&#xF6;r Ebrar Metin</subfield>
  </datafield>
  <datafield tag="246" ind1=" " ind2=" ">
    <subfield code="a">&#x130;stanbullu Do&#x11F;an Kuban ve Bo&#x11F;azi&#xE7;i</subfield>
  </datafield>
  <datafield tag="260" ind1=" " ind2=" ">
    <subfield code="a">&#x130;stanbul</subfield>
    <subfield code="b">Heyamola yay&#x131;nlar&#x131;</subfield>
    <subfield code="c">2010</subfield>
  </datafield>
  <datafield tag="300" ind1=" " ind2=" ">
    <subfield code="a">102 s.</subfield>
    <subfield code="b">res.</subfield>
    <subfield code="c">20 sm.</subfield>
  </datafield>
  <datafield tag="490" ind1=" " ind2=" ">
    <subfield code="a">Heyamola Yay&#x131;nlar&#x131;</subfield>
    <subfield code="v">182</subfield>
  </datafield>
  <datafield tag="600" ind1=" " ind2=" ">
    <subfield code="a">Kuban, Do&#x11F;an</subfield>
    <subfield code="d">1926 - </subfield>
    <subfield code="x">An&#x131;lar</subfield>
    <subfield code="y">Tarih</subfield>
  </datafield>
  <datafield tag="650" ind1=" " ind2=" ">
    <subfield code="a">Mimarlar</subfield>
    <subfield code="x">S&#xF6;yle&#x15F;iler</subfield>
    <subfield code="z">&#x130;stanbul</subfield>
  </datafield>
  <datafield tag="651" ind1=" " ind2=" ">
    <subfield code="a">Anadoluhisar&#x131; (&#x130;stanbul)</subfield>
    <subfield code="x">Tarih</subfield>
    <subfield code="y">Tarih</subfield>
  </datafield>
  <datafield tag="651" ind1=" " ind2=" ">
    <subfield code="a">&#x130;stanbul Bo&#x11F;az&#x131;</subfield>
    <subfield code="x">Gezi ve tan&#x131;t&#x131;m</subfield>
    <subfield code="y">Tarih</subfield>
  </datafield>
  <datafield tag="651" ind1=" " ind2=" ">
    <subfield code="a">&#x130;stanbul</subfield>
    <subfield code="x">K&#xFC;lt&#xFC;r</subfield>
    <subfield code="y">Tarih</subfield>
  </datafield>
  <datafield tag="651" ind1=" " ind2=" ">
    <subfield code="a">&#x130;stanbul</subfield>
    <subfield code="x">Sosyal ya&#x15F;am ve gelenekler</subfield>
    <subfield code="y">Tarih</subfield>
  </datafield>
  <datafield tag="700" ind1=" " ind2=" ">
    <subfield code="a">Do&#x11F;an, Rozerin</subfield>
  </datafield>
  <datafield tag="700" ind1=" " ind2=" ">
    <subfield code="a">Metin, Ebrar</subfield>
  </datafield>
  <datafield tag="942" ind1=" " ind2=" ">
    <subfield code="2">ddc</subfield>
    <subfield code="c">BKS</subfield>
  </datafield>
  <datafield tag="952" ind1=" " ind2=" ">
    <subfield code="a">0001</subfield>
    <subfield code="b">0001</subfield>
    <subfield code="d">2016-09-24</subfield>
    <subfield code="e">2</subfield>
    <subfield code="h">c.4</subfield>
    <subfield code="l">0</subfield>
    <subfield code="o">956.226 T66 2010</subfield>
    <subfield code="p">005637</subfield>
    <subfield code="r">2016-09-24 00:00:00</subfield>
    <subfield code="v">0.00</subfield>
    <subfield code="w">2016-09-24</subfield>
    <subfield code="y">BKS</subfield>
  </datafield>
  <datafield tag="999" ind1=" " ind2=" ">
    <subfield code="c">4394</subfield>
    <subfield code="d">4394</subfield>
  </datafield>
</record>
